Statistics for Closest Countries to Australia

Click here to take the quiz!

General Stats

  • This quiz has been taken 2,532 times
    (2,486 since last reset)
  • The average score is 12 of 15

Answer Stats

Number Answer % Correct
5New Zealand
99%
2Indonesia
97%
13Fiji
90%
1Papua New Guinea
89%
10Malaysia
89%
15Singapore
82%
3Timor-Leste
78%
6Solomon Islands
78%
7Vanuatu
75%
8Micronesia
72%
9Philippines
70%
11Palau
69%
12Brunei
69%
4France (New Caledonia)
49%
14USA (Guam)
47%

Score Distribution

Percentile by Number Answered

Percent of People with Each Score

Your Score History

You have not taken this quiz since the last reset